The reflective practitioner : how professionals think in action
Αποθηκεύτηκε σε:
| Κύριος συγγραφέας: | |
|---|---|
| Μορφή: | Βιβλίο |
| Γλώσσα: | English |
| Δημοσίευση: |
[Cambridge, Mass.] :
Basic Books,
c1983
|
| Θέματα: | |
| Ετικέτες: |
Προσθήκη ετικέτας
Δεν υπάρχουν, Καταχωρήστε ετικέτα πρώτοι!
|
MARC
| LEADER | 00000nam a2200000 i 4500 | ||
|---|---|---|---|
| 001 | 1/17885 | ||
| 008 | 010305s1983 eng d | ||
| 020 | |a 0-465-06878-2 | ||
| 035 | |l 10066295 | ||
| 040 | |a GR-MY-UA |b gre |e aacr | ||
| 041 | 0 | |a eng | |
| 082 | 0 | |a 153.4 | |
| 100 | 1 | |a Schon, Donald A. | |
| 245 | 1 | 4 | |a The reflective practitioner : |b how professionals think in action / |c Donald A. Schoen |
| 260 | |a [Cambridge, Mass.] : |b Basic Books, |c c1983 | ||
| 300 | |a x, 374 p.; |c 20 cm. | ||
| 504 | |a Includes index and bibliographical notes | ||
| 650 | 0 | 0 | |a Professions. |
| 650 | 0 | 0 | |a Thought and thinking. |
| 650 | 0 | 0 | |a Self-knowledge, Theory of. |
| 852 | |a INST |b SYROS |e 20010305 |h 153.4 SCH |p 005500001342 |q 005500001342 |t BK |y 0 | ||
| 901 | |a BIBL5-2001-1 | ||
| 909 | |a Ε |b 085711 | ||
| 922 | |a 5ΕΛΗ |b 200103 |c ΓΤΣΣ |d LEADER BOOKS | ||
| 970 | |a ΚΟΝΤΟΥ |b ΠΑΡΑΣΚΕΥΗ |z 2001/03/05 | ||